Prontuario de testamentos y contratos (Record no. 158023)

MARC details
000 -LEADER
campo de control de longitud fija 01107nam a2200241 i 4500
001 - NÚMERO DE CONTROL
campo de control 158023
003 - IDENTIFICADOR DE NÚMERO DE CONTROL
campo de control ES-MaACL
005 - FECHA Y HORA DE LA ÚLTIMA TRANSACCIÓN
campo de control 20230906210943.0
008 - DATOS DE LONGITUD FIJA--INFORMACIÓN GENERAL
campo de control de longitud fija 931025s1798 sp |||| | spa d
040 ## - FUENTE DE CATALOGACIÓN
Centro catalogador/agencia de origen CARM
Lengua de catalogación spa
Centro/agencia transcriptor PAB
100 1# - ENTRADA PRINCIPAL--NOMBRE DE PERSONA
Nombre de persona López Fando, Juan.
9 (RLIN) 129202
245 10 - MENCIÓN DEL TÍTULO
Título Prontuario de testamentos y contratos
Resto del título : obra útil no solamente á los escribanos principiantes, y á los que intenten serlo, sino á los letrados... /
Mención de responsabilidad, etc. [Juan López Fando] ; tomo primero.
260 ## - PUBLICACIÓN, DISTRIBUCIÓN, ETC.
Lugar de publicación, distribución, etc. Madrid :
Nombre del editor, distribuidor, etc. en la imprenta de D. Benito Cano,
Fecha de publicación, distribución, etc. 1798.
300 ## - DESCRIPCIÓN FÍSICA
Extensión [2], 240 p. ;
Dimensiones 8º.
594 #1 - Nota al título y mención de responsabilidad
Nota al título y mención de responsabilidad Autor consta en prelim.
597 #1 - NOTA DE DESCRIPCIÓN FÍSICA
NOTA DE DESCRIPCIÓN FÍSICA Sign. : [ ]\p2\s, A-P\p8\s.
650 #4 - PUNTO DE ACCESO ADICIONAL DE MATERIA--TÉRMINO DE MATERIA
Término de materia o nombre geográfico como elemento de entrada Testamentos-
Subdivisión de forma Compendios, Sipnosis, etc.
9 (RLIN) 222885
650 #4 - PUNTO DE ACCESO ADICIONAL DE MATERIA--TÉRMINO DE MATERIA
Término de materia o nombre geográfico como elemento de entrada Contratos-
Subdivisión de forma Compendios, sipnosis, etc.
9 (RLIN) 222887
700 1# - ENTRADA AGREGADA--NOMBRE PERSONAL
Nombre de persona Cano, Benito,
Término indicativo de función/relación
9 (RLIN) 126313
752 ## - ENTRADA AGREGADA--NOMBRE JERÁRQUICO DEL LUGAR
País o entidad superior España -
Ciudad Madrid
852 ## - LOCALIZACIÓN
Ubicación ES-MaACL
Número de control de estantería R-610(1)
Nota libre -- Enc. pasta española
-- -- Legado M. de la Fuente
Encuadernación -- Edic.: En verso de la port. consta: "Se hallará en la librería de Flores ..., y Campo ..."
-- Olim: D-3987
Holdings
Estatus retirado Estado de pérdida Estado de daño No para préstamo Colección Biblioteca de origen Biblioteca actual Ubicación en estantería Fecha de adquisición Fuente de adquisición Total de préstamos Signatura topográfica completa Código de barras Visto por última vez Precio de reemplazo Tipo de ítem Koha
        Libros del s. XVIII Biblioteca del Ateneo de Madrid Biblioteca del Ateneo de Madrid Depósito 17/01/2008     R-610(1) 1165384 23/02/2023 23/02/2023 Libro impreso antiguo